<?xml version="1.0" encoding="UTF-8"?>
<collection xmlns="http://www.loc.gov/MARC21/slim">
 <record>
  <leader>01390nam a22002057a 4500</leader>
  <controlfield tag="001">NCT_4_015548</controlfield>
  <controlfield tag="008">190315b        xxu||||| |||| 00| 0 vie d</controlfield>
  <datafield tag="999" ind1=" " ind2=" ">
   <subfield code="c">8739</subfield>
   <subfield code="d">8739</subfield>
  </datafield>
  <datafield tag="020" ind1=" " ind2=" ">
   <subfield code="a">9786049093586</subfield>
   <subfield code="c">30000</subfield>
  </datafield>
  <datafield tag="082" ind1="0" ind2="4">
   <subfield code="2">23rd ed.</subfield>
   <subfield code="a">338.9597</subfield>
   <subfield code="b">Th103</subfield>
  </datafield>
  <datafield tag="100" ind1="1" ind2=" ">
   <subfield code="a">Nguyễn Quang Thái</subfield>
   <subfield code="e">Chủ biên</subfield>
  </datafield>
  <datafield tag="245" ind1="0" ind2="0">
   <subfield code="a">Vấn đề phát triển các khu kinh tế mở hiện đại vùng ven biển Việt Nam :</subfield>
   <subfield code="b">Sách chuyên khảo</subfield>
   <subfield code="c">Nguyễn Quang Thái (Chủ biên)</subfield>
  </datafield>
  <datafield tag="260" ind1=" " ind2=" ">
   <subfield code="a">H.</subfield>
   <subfield code="b">Đại học Kinh tế quốc dân</subfield>
   <subfield code="c">2010</subfield>
  </datafield>
  <datafield tag="300" ind1=" " ind2=" ">
   <subfield code="a">viii, 222 tr.</subfield>
   <subfield code="b">Minh hoạ</subfield>
   <subfield code="c">21cm</subfield>
  </datafield>
  <datafield tag="500" ind1=" " ind2=" ">
   <subfield code="a">ĐTTS ghi: Liên Hiệp Các Hội Khoa Học Và Kỹ Thuật Việt Nam</subfield>
  </datafield>
  <datafield tag="520" ind1=" " ind2="3">
   <subfield code="a">Nội dung sách trình bày về đề tài nghiên cứu khoa học xây dựng các chính sách nhằm phát triển kinh tế mở tại Việt Nam đến năm 2020, kinh nghiệm quốc tế về phát triển các vùng kinh tế, đặc biệt phát triển kinh tế ven biển trong điều kiện hội nhập toàn diện.</subfield>
  </datafield>
  <datafield tag="653" ind1=" " ind2=" ">
   <subfield code="a">Quản trị kinh doanh</subfield>
  </datafield>
  <datafield tag="942" ind1=" " ind2=" ">
   <subfield code="2">ddc</subfield>
   <subfield code="c">BK</subfield>
  </datafield>
  <datafield tag="952" ind1=" " ind2=" ">
   <subfield code="0">0</subfield>
   <subfield code="1">0</subfield>
   <subfield code="2">ddc</subfield>
   <subfield code="4">0</subfield>
   <subfield code="6">338_959700000000000_TH103</subfield>
   <subfield code="7">0</subfield>
   <subfield code="9">30009</subfield>
   <subfield code="a">000001</subfield>
   <subfield code="b">000001</subfield>
   <subfield code="d">2024-12-27</subfield>
   <subfield code="o">338.9597 Th103</subfield>
   <subfield code="p">MD.23153</subfield>
   <subfield code="r">2024-12-27</subfield>
   <subfield code="v">30000.00</subfield>
   <subfield code="w">2024-12-27</subfield>
   <subfield code="y">BK</subfield>
  </datafield>
  <datafield tag="980" ind1=" " ind2=" ">
   <subfield code="a">Thư viện Trường Đại học Nam Cần Thơ</subfield>
  </datafield>
 </record>
</collection>
